| 000 | 00424nam a2200145 a 4500 | ||
|---|---|---|---|
| 001 | 000030758 | ||
| 005 | 20200930062507.0 | ||
| 008 | 110527s20uu dr 000 0 spa d | ||
| 040 |
_aDO-SdBNP _bspa _cBNPHU |
||
| 100 | 1 |
_aSchwarts, Federico _957324 |
|
| 245 | 1 | 3 |
_aEl corazón del comunismo / _cFederico Schowarts. |
| 260 |
_aSanto Domingo : _bEditorial Mundo Hispano, _c[200?]. |
||
| 300 |
_a32 p. ; _c18 cm. |
||
| 049 | _aBNPD. | ||
| 999 |
_c30250 _d30250 |
||